Primary school buildings: standards, norms and design

Na minha lista:
Detalhes bibliográficos
Autor Corporativo: Department of Education Royal Government of Bhutan (Author)
Formato: Livro
Idioma:inglês
Publicado em: UNESCO 1986
Assuntos:
Tags: Adicionar Tag
Sem tags, seja o primeiro a adicionar uma tag!

MARC

LEADER 00000nam a2200000 a 4500
001 UCZ8519
003 CL-VaPUC
008 960121e19860000TH |||||||||||||||||eng|d
082 0 4 |a 727.1  |b DEP  |2 21 
110 2 |a Department of Education Royal Government of Bhutan  |e author  |9 353847 
245 1 0 |a Primary school buildings: standards, norms and design 
300 |a 27 p 
942 |c BK 
945 |d 19960121 00:00:00  |a cmena 
260 |b UNESCO  |c 1986 
650 0 |a Edificios escolares   |9 339744 
650 0 |a Edificios educacionales   |9 339745 
650 0 |a Educación básica   |9 224933 
650 0 |a Aulas   |9 337757 
650 7 |a PATIOS DE ESCUELA  |2 CL-VaPUC  |9 353848 
650 7 |a DISEÑO AMBIENTAL  |2 CL-VaPUC  |9 268896 
650 0 |a Diseño arquitectónico   |9 265271 
583 |a last modification  |c 20130414 03:55:43  |k Rodrigo Vera 
999 |c 244391  |d 244389 
952 |0 0  |1 0  |4 0  |6 727_100000000000000_DEP_1986  |7 0  |8 P  |9 258447  |a BIBEDU  |b BIBEDU  |c BIBEDU_PB  |d 2019-11-19  |i 1621777  |o 727.1 DEP 1986  |p 1621777  |r 2024-01-25  |w 2019-11-19  |y BK  |k EDU